|
|
|
|
| LEADER |
01096nam a22003012a 4500 |
| 001 |
000084569 |
| 003 |
CZ BrMZK |
| 005 |
20200911063112.0 |
| 007 |
ta |
| 008 |
040716s1961 gw f |||| 0 ger d |
| 040 |
|
|
|a ABA009
|b cze
|e AACR2
|d BOA001
|
| 072 |
|
7 |
|a 631
|x Zemědělství. Pedologie. Agrotechnika. Agroekologie
|2 Konspekt
|9 24
|
| 080 |
|
|
|a 631.3
|2 MRF-sel
|
| 245 |
0 |
0 |
|a Handbuch der Landtechnik /
|c herausgegeben von Carl Heinrich Dencker
|
| 260 |
|
|
|a Hamburg :
|b Paul Parey,
|c 1961
|
| 300 |
|
|
|a 23, 1046 s. :
|b il.
|
| 504 |
|
|
|a Obsahuje bibliografii a rejstřík
|
| 650 |
0 |
7 |
|a zemědělské stroje
|7 ph116768
|2 czenas
|
| 650 |
0 |
7 |
|a zemědělské stroje
|7 ph116768
|2 czenas
|
| 650 |
0 |
7 |
|a zemědělství
|7 ph116770
|2 czenas
|
| 650 |
0 |
7 |
|a mechanizace výroby
|7 ph223712
|2 czenas
|
| 650 |
0 |
7 |
|a elektrifikace
|7 ph832422
|2 czenas
|
| 650 |
0 |
7 |
|a pohony
|7 ph137028
|2 czenas
|
| 700 |
1 |
|
|a Dencker, Karl H.,
|d 1900-1967
|7 mzk2009517799
|4 com
|
| 910 |
|
|
|a BOA001
|b 3-0472.473
|
| 990 |
|
|
|a BK
|
| 991 |
|
|
|b 202006
|
| 996 |
6 |
|
|b 2619989031
|c 3-0472.473
|l MZK
|r Sklad / do 1 hodiny
|n 0
|w 000084569
|u 000010
|a 1
|e BOA001
|j MZK50
|s P
|